000 00406nam a2200145Ia 4500
008 230312s9999||||xx |||||||||||||| ||und||
020 _a9781285085227
082 _a741.6
_bLAN-E
100 _aPrust,A,Z
245 0 _aGraphic Communications The Printed Image Graphic communications the printed image
260 _bCengage
_aUSA
_c2014
300 _a208
650 _aComputer
_vGraphic Design
942 _cBK
999 _c17213
_d17213